00349nam a2200145Ia 45000030006000000080041000060400015000471000019000622450040000812500010001212600037001313000006001685460012001740050017001860STCL150530s9999 xx 000 0 und d aSTCLcSTCL aCarruthers, W. aModern methods of organic synthesis aThird bCambridge university pressc2004 a0 aEnglish20220125170321.0